Faculty of Law Library — Cairo University

Official Online Catalog

قاعدة منع قضاء الدولة من نظر موضوع المنازعة المتفق بشأنها على التحكيم وقيود تطبيقها : (Record no. 70915)

MARC details
000 -LEADER
fixed length control field 01577nam a22003377i 4500
003 - CONTROL NUMBER IDENTIFIER
control field EG-GICUC
005 - DATE AND TIME OF LATEST TRANSACTION
control field 20260414132543.0
008 - FIXED-LENGTH DATA ELEMENTS--GENERAL INFORMATION
fixed length control field 140323s2001####ua#####fr#####000#0#ara#c
017 ## - COPYRIGHT OR LEGAL DEPOSIT NUMBER
Copyright or legal deposit number 2001/18218
020 ## - INTERNATIONAL STANDARD BOOK NUMBER
International Standard Book Number 977-04-3656-6
040 ## - CATALOGING SOURCE
Original cataloging agency EG-GICUC
Language of cataloging ara
Transcribing agency EG-GICUC
Modifying agency EG-GICUC
Description conventions rda
041 0# - LANGUAGE CODE
Language code of text/sound track or separate title ara
082 04 - DEWEY DECIMAL CLASSIFICATION NUMBER
Edition number 21
Classification number 341.851
Item number ح س . ق
092 04 - LOCALLY ASSIGNED DEWEY CALL NUMBER (OCLC)
Edition number 21
099 ## - LOCAL FREE-TEXT CALL NUMBER (OCLC)
Classification number Law1 12 341.851 ح س . ق 2001
100 0# - MAIN ENTRY--PERSONAL NAME
Personal name حسام الدين فتحي ناصف
Relator term Author.
245 10 - TITLE STATEMENT
Title قاعدة منع قضاء الدولة من نظر موضوع المنازعة المتفق بشأنها على التحكيم وقيود تطبيقها :
Remainder of title دراسة لدور الإرادة فى تطبيق القاعدة وطبيعتها ومجالها والقانون الواجب التطبيق على وسائل إعمالها وقيود تطبيقها فى ضوء أحكام الاتفاقيات الدولية وتشريعات وقضاء التحكيم /
Statement of responsibility, etc. حسام الدين فتحي ناصف
264 #1 - PRODUCTION, PUBLICATION, DISTRIBUTION, MANUFACTURE, AND COPYRIGHT NOTICE
Place of production, publication, distribution, manufacture القاهره :
Name of producer, publisher, distributor, manufacturer دار النهضة العربية،
Date of production, publication, distribution, manufacture, or copyright notice 2001.
300 ## - PHYSICAL DESCRIPTION
Extent 160 ؛ صفحة
Dimensions 24 سم
336 ## - CONTENT TYPE
Source rda content
Content type term text
337 ## - MEDIA TYPE
Source rda media
Media type term Computer
338 ## - CARRIER TYPE
Source rda carrier
Carrier type term Online Resource
504 ## - BIBLIOGRAPHY, ETC. NOTE
Bibliography, etc. note يشتمل على إرجاعات ببليواجرافية.
546 ## - LANGUAGE NOTE
Language note النص باللغة العربية
650 14 - SUBJECT ADDED ENTRY--TOPICAL TERM
Topical term or geographic name entry element الإتفاقيات الدولية.
650 14 - SUBJECT ADDED ENTRY--TOPICAL TERM
Topical term or geographic name entry element التحكيم
650 14 - SUBJECT ADDED ENTRY--TOPICAL TERM
Topical term or geographic name entry element الاحكام
856 40 - ELECTRONIC LOCATION AND ACCESS
Uniform Resource Identifier <a href="https://fll.law.cu.edu.eg/fulltext/bks/B12-02987.pdf">https://fll.law.cu.edu.eg/fulltext/bks/B12-02987.pdf</a>
905 ## - Cataloger and Reviser Names
Cataloger Name: Abdulrhman Sobhy
942 ## - ADDED ENTRY ELEMENTS (KOHA)
Source of classification or shelving scheme Dewey Decimal Classification
Koha item type Books
Edition 21
Suppress in OPAC No
Holdings
Withdrawn status Lost status Source of classification or shelving scheme Damaged status Not for loan Collection Home library Current library Date acquired Source of acquisition Total checkouts Full call number Barcode Date last seen Copy number Price effective from Koha item type
    Dewey Decimal Classification   Not for loan القانون الدولي الخاص جــــامعة القــاهرة مكتبة كلية الحقوق - المبنى الرئيسي 14.04.2026 إهداء مكتبة الأستاذ الدكتور صلاح عامر   Law1 12 341.851 ح س . ق 2001 1202987 C1 B12-02987 14.04.2026 1 14.04.2026 Books

© All rights reserved — Faculty of Law, Cairo University